An essay on the picturesque, as compared with the sublime and the beautiful : and, on the use of studying pictures, for the purpose of improving real landscape /

Saved in:
Bibliographic Details
Main Author: Price, Uvedale, Sir, 1747-1829.
Format: Book
Language:English
Published: London : printed for J. Robson, 1794.
Subjects:
Tags: Add Tag
No Tags, Be the first to tag this record!
LEADER 01169nam a2200253Ii 4500
001 000738507-2
005 20050329172422.0
008 770104s1794 enk 000 0 eng d
035 0 |a ocm02659853 
040 |a MIA  |c MIA  |d DDO 
050 4 |a SB471  |b .P8x 
100 1 |a Price, Uvedale,  |c Sir,  |d 1747-1829. 
245 1 3 |a An essay on the picturesque, as compared with the sublime and the beautiful :  |b and, on the use of studying pictures, for the purpose of improving real landscape /  |c by Uvedale Price. 
246 3 |a Essays on the picturesque, as compared with the sublime and the beautiful 
260 |a London :  |b printed for J. Robson,  |c 1794. 
300 |a xv, 288 p. ;  |c 22 cm. 
500 |a Ex libris: Richard Cope Hopton. 
500 |a Spine title: Price on the picturesque. 
505 1 |a Vol. 2: Essay on artificial water.--Essay on decorations.--Essay on architecture and buildings. 
650 0 |a Aesthetics. 
650 0 |a Landscape gardening. 
776 0 8 |i Online version:  |a Price, Uvedale, Sir, bart., 1747-1829.  |t Essay on the picturesque, as compared with the sublime and the beautiful.  |d London : J. Robson, 1794-98  |w (OCoLC)874806779 
988 |a 20020608 
906 |0 OCLC